Az érzelmi intelligencia és hatása a szervezeti kommunikáció hatékonyságára

Bibliográfiai részletek
Szerző: Ecsek Barbara
További közreműködők: Göndör András
Dokumentumtípus: Diplomadolgozat
Kulcsszavak:Érzelmi intelligencia
Szervezeti kommunikáció
érzelmek a munkahelyen
Online Access:http://dolgozattar.uni-bge.hu/14402

MARC

LEADER 00000nta a2200000 i 4500
001 dolg14402
005 20171216134418.0
008 171216suuuu hu om 000 hun d
040 |a BGE Dolgozattár Repozitórium  |b hun 
041 |a hu 
100 1 |a Ecsek Barbara 
245 1 3 |a Az érzelmi intelligencia és hatása a szervezeti kommunikáció hatékonyságára  |c Ecsek Barbara  |h [elektronikus dokumentum] 
695 |a Érzelmi intelligencia 
695 |a Szervezeti kommunikáció 
695 |a érzelmek a munkahelyen 
700 1 |a Göndör András  |e ths 
856 4 0 |u http://dolgozattar.uni-bge.hu/14402/1/Az%20%C3%A9rzelmi%20intelligencia%20%C3%A9s%20hat%C3%A1sa%20a%20szervezeti%20kommunik%C3%A1ci%C3%B3%20hat%C3%A9konys%C3%A1g%C3%A1ra%20%281%29.pdf  |z Dokumentum-elérés 
856 4 0 |u http://dolgozattar.uni-bge.hu/14402/2/document_20171215_134739_1147600.pdf  |z Dokumentum-elérés 
856 4 0 |u http://dolgozattar.uni-bge.hu/14402/12/img-Z16105623.pdf  |z Dokumentum-elérés